[Event "Asian Junior Girls Chess Championship-2016"]
[Site "New Delhi"]
[Date "2016.05.05"]
[Round "3"]
[Board "6"]
[White "Priyanka, Nutakki"]
[Black "Bala, Kannamma P"]
[Result "1/2-1/2"]
[WhiteElo "1907"]
[BlackElo "2040"]
[PlyCount "0"]
[EventDate "2016.05.04"]
[EventRounds "9"]
[EventCountry "IND"]

1. d4 Nf6 2. c4 e6 3. Nf3 b6 4. g3 Bb7 5. Bg2 Be7 6. O-O O-O 7. Nc3 Ne4 8. Qc2 Nxc3 9. Qxc3 f5 10. Rd1 Bf6 11. b4 d6 12. Bb2 Nd7 13. Ng5 Bxg5 14. Bxb7 Rb8 15. Bg2 Qe7 16. Qa3 a5 17. bxa5 bxa5 18. f4 Bf6 19. Rac1 c5 20. e3 Rfc8 21. Bc3 cxd4 22. Bxd4 Rb4 23. Bf1 Ra8 24. Bg2 Rc8 25. Bf1 Ra8 26. Bg2 Rc8   1/2-1/2

[Event "Asian Junior Girls Chess Championship-2016"]
[Site "New Delhi"]
[Date "2016.05.05"]
[Round "3"]
[Board "7"]
[White "Sapale, Saloni"]
[Black "Bidhar, Rutumbara"]
[Result "1/2-1/2"]
[WhiteElo "2025"]
[BlackElo "1854"]
[PlyCount "0"]
[EventDate "2016.05.04"]
[EventRounds "9"]
[EventCountry "IND"]

1. e4 c5 2. Nf3 e6 3. d4 cxd4 4. Nxd4 a6 5. Nc3 Qc7 6. Be2 b5 7. a3 Bb7 8. O-O Nf6 9. Bd3 Be7 10. Be3 O-O 11. Kh1 d5 12. exd5 Nxd5 13. Nxd5 Bxd5 14. f4 Bf6 15. c3 Nd7 16. Qc2 g6 17. Be4 Bxe4 18. Qxe4 Nc5 19. Qf3 Na4 20. Qf2 Rac8 21. Rad1 Nc5 22. Qf3 Bg7 23. Kg1 Rfe8 24. Rfe1 e5 25. fxe5 Bxe5 26. g3 Rf8 27. Kh1 Rfe8 28. Kg1 Rf8 29. Kh1 Rfe8 30. Kg1 Rf8 31. Kh1 Rfe8 32. Kg1   1/2-1/2

[Event "Asian Junior Girls Chess Championship-2016"]
[Site "New Delhi"]
[Date "2016.05.05"]
[Round "3"]
[Board "8"]
[White "Michelle Catherina, P"]
[Black "Ananya, Suresh"]
[Result "1/2-1/2"]
[WhiteElo "2179"]
[BlackElo "1902"]
[PlyCount "0"]
[EventDate "2016.05.04"]
[EventRounds "9"]
[EventCountry "IND"]

1. e4 c5 2. Nf3 d6 3. d4 cxd4 4. Nxd4 Nf6 5. Nc3 e6 6. Be2 a6 7. O-O Be7 8. f4 Qc7 9. Bf3 O-O 10. Kh1 Nc6 11. a4 Rb8 12. Be3 Na5 13. Bf2 b6 14. Qe1 Bb7 15. Bh4 Qc5 16. Rd1 Nc4 17. b3 Nb2 18. Rb1 Qxd4 19. Bf2 Qb4 20. Rxb2 Rfc8 21. Nd5 Nxd5 22. exd5 Qxe1 23. Rxe1 Bf6 24. Rbb1 Rxc2 25. Bxb6 Bxd5 26. Bxd5 exd5 27. a5 h5 28. Red1 d4 29. h3 Rc3 30. Bxd4 Bxd4 31. Rxd4 Rc5 32. Ra1 d5 33. b4 Rcb5 34. Rc1 Rxb4 35. Rxd5 Rxf4 36. Rxh5 g6 37. Rd5 Ra4 38. Rf1 Kg7 39. Rd7 Rf8 40. Rd5 Rb8 41. Rd7 Rf8   1/2-1/2

[Event "Asian Junior Girls Chess Championship-2016"]
[Site "New Delhi"]
[Date "2016.05.05"]
[Round "3"]
[Board "9"]
[White "Priyamvada, Karamcheti"]
[Black "Uuriintuya, Uurtsaikh"]
[Result "0-1"]
[WhiteElo "1766"]
[BlackElo "2172"]
[PlyCount "0"]
[EventDate "2016.05.04"]
[EventRounds "9"]
[EventCountry "IND"]

1. d4 Nf6 2. c4 g6 3. f3 Bg7 4. e4 d6 5. Nc3 O-O 6. Nge2 c5 7. Be3 Nc6 8. d5 Ne5 9. Ng3 h5 10. Be2 h4 11. Nf1 e6 12. Nd2 exd5 13. cxd5 h3 14. g4 Bxg4 15. fxg4 Nfxg4 16. Bxg4 Qh4 17. Kf1 Nxg4 18. Qe1 Qh5 19. Qe2 b5 20. Ke1 b4 21. Nd1 f5 22. Rg1 Rae8 23. Rb1 Kh8 24. Nf2 Nxe3 25. Qxe3 Bd4 26. Qg5 fxe4 27. Qxh5 gxh5 28. Rg5 Rxf2 29. Rxh5 Kg8 30. Rxh3 e3 31. Rg3 Kh8 32. Rh3 Kg7 33. Nb3 e2 34. Nxd4 Rf1 35. Kd2 Rxb1 36. Rg3 Kf6 37. Rf3 Ke5 38. Re3 Kxd4 39. Rxe8 Rxb2 40. Ke1 Kd3 41. h4 Rb1 42. Kf2 Rf1 43. Kg2 e1Q 44. Rxe1 Rxe1 45. h5 Re3 46. h6 Re5 47. h7 Rh5 48. h8Q Rxh8   0-1

[Event "Asian Junior Girls Chess Championship-2016"]
[Site "New Delhi"]
[Date "2016.05.05"]
[Round "3"]
[Board "10"]
[White "Sanskriti, Goyal"]
[Black "Ivana Maria, Furtado"]
[Result "0-1"]
[WhiteElo "1688"]
[BlackElo "2091"]
[PlyCount "0"]
[EventDate "2016.05.04"]
[EventRounds "9"]
[EventCountry "IND"]

1. d4 Nf6 2. c4 e6 3. Nc3 Bb4 4. e3 O-O 5. Nge2 Re8 6. a3 Bf8 7. d5 exd5 8. cxd5 c5 9. Ng3 d6 10. Be2 g6 11. O-O h5 12. f3 Bh6 13. e4 Bg7 14. Bg5 Qb6 15. Qd2 Nbd7 16. Nh1 a6 17. Nf2 Qc7 18. a4 b6 19. Rac1 Qb7 20. Kh1 Nf8 21. Rfe1 Rb8 22. Bf1 Qd7 23. Bf4 N6h7 24. Nd3 f6 25. b4 g5 26. Bg3 h4 27. Bf2 Ng6 28. Rb1 Bb7 29. g3 Ba8 30. Be2 hxg3 31. Bxg3 c4 32. Nf2 f5 33. exf5 Qxf5 34. Nfe4 Rbd8 35. Kg2 Nh4 36. Bxh4 gxh4 37. Bxc4 h3 38. Kf2 Qe5 39. f4 Rf8 40. Kg3 Qh5 41. Rg1 Kh8 42. Bxa6 Rxf4 43. Qxf4 Be5 44. Qxe5 dxe5 45. d6 Bxe4 46. Nxe4 Rg8 47. Kf2 Qf5 48. Ke3 Qf4 49. Kd3 Qf3 50. Kd2 Qxe4   0-1

[Event "Asian Junior Girls Chess Championship-2016"]
[Site "New Delhi"]
[Date "2016.05.06"]
[Round "4"]
[Board "1"]
[White "Priyanka, K"]
[Black "Vaishali, R"]
[Result "0-1"]
[WhiteElo "1966"]
[BlackElo "2322"]
[PlyCount "0"]
[EventDate "2016.05.04"]
[EventRounds "9"]
[EventCountry "IND"]

1. e4 e5 2. Nf3 Nc6 3. Nc3 Nf6 4. d4 exd4 5. Nxd4 Bc5 6. Nxc6 bxc6 7. Bd3 O-O
8. O-O Re8 9. Qf3 Rb8 10. b3 Bd4 11. Bd2 d6 12. h3 Nd7 13. Rad1 Qh4 14. Ne2 Ne5
15. Qf4 Qxf4 16. Bxf4 Bc5 17. Ng3 a5 18. Rfe1 Bb4 19. Re2 a4 20. Bxe5 Rxe5 21.
Nf1 axb3 22. axb3 Bc3 23. Nd2 Ra5 24. Nb1 Be5 25. Nd2 Bc3 26. Nb1 Be5 27. Nd2
Ra2 28. Nc4 Bc3 29. f4 g6 30. Kf2 h5 31. Kf3 Rba8 32. Rf2 Bb7 33. Ne3 Kg7 34.
g4 hxg4+ 35. hxg4 Rh8 36. Kg3 g5 37. f5 Be5+ 38. Kg2 Rh2+ 39. Kf3 Rh3+ 40. Ke2
Kf6 41. Rf3 Rh4 42. Rff1 d5 43. Rh1 Bf4 44. Rxh4 gxh4 45. Ng2 Bg3 46. Kf3 c5
47. Ne3 c6 48. Nf1 Be5 49. Ne3 Kg5 50. Rh1 Ra8 51. Ng2 Bg3 52. Ne3 Ra3 53. Rb1
Be5 54. Rh1 Ba8 55. Rd1 h3 56. Rh1 h2 57. Ke2 Ra1 58. Nf1 Rc1 59. Ng3 Rg1 60.
Rxh2 Rxg3 61. Rh7 Kf6 62. Rh8 Bb7 63. Rd8 Rxg4 64. Rd7 Bc8 65. Rd8 dxe4 66.
Rxc8 exd3+ 67. Kxd3 Kxf5 68. Rxc6 Rg3+ 69. Kd2 Bd4 70. Rc7 f6 71. Rd7 Ke4 72.
Re7+ Be5 73. Rh7 f5 74. Rh1 Rg2+ 75. Kd1 Bc3 76. Rh3 Bd4 77. Rh1 Rg1+ 78. Rxg1
Bxg1 79. Ke2 f4 80. Kf1 Bd4  0-1

[Event "Asian Junior Girls Chess Championship-2016"]
[Site "New Delhi"]
[Date "2016.05.06"]
[Round "4"]
[Board "2"]
[White "Varshini, V"]
[Black "Chitlange, Sakshi"]
[Result "1/2-1/2"]
[WhiteElo "2223"]
[BlackElo "1928"]
[PlyCount "0"]
[EventDate "2016.05.04"]
[EventRounds "9"]
[EventCountry "IND"]

1. e4 e6 2. d4 d5 3. e5 c5 4. c3 Qb6 5. Nf3 Nc6 6. a3 c4 7. Be2 Na5 8. Nbd2 Bd7
9. O-O Ne7 10. Ng5 h6 11. Nh3 Qc7 12. Rb1 Nc8 13. Qe1 Ba4 14. Bd1 Qc6 15. f4 g6
16. Nf2 Nb6 17. Ng4 O-O-O 18. Ne3 Bxd1 19. Qxd1 Kb8 20. Qc2 Be7 21. Nf3 Nb3 22.
Bd2 Rdg8 23. Be1 Qc8 24. Bg3 Ka8 25. Qf2 Qd8 26. h3 h5 27. Rbe1 Na4 28. Re2 Qd7
29. Bh4 Rc8 30. Bf6 Rhe8 31. Qh4 Nb6 32. g4 Qd8 33. Bxe7 Qxe7 34. Qxe7 Rxe7 35.
gxh5 gxh5 36. Rg2 f5 37. exf6 Rf7 38. f5 Rxf6 39. Ne5 exf5 40. Rxf5 Rxf5 41.
Nxf5 a5 42. Ng7 Rh8 43. h4 Na4 44. Ne6 Ka7 45. Nf4 Rd8 46. Ne6 Rd6 47. Ng7 Nc1
48. Nf5 Rb6 49. Ne3 Nxb2 50. Nxd5 Rb3 51. Rd2 Ncd3 52. Nxc4 Nxc4 53. Rxd3 Nxa3
54. Ne3 Nb5 55. d5 Rxc3 56. Rxc3 Nxc3 57. d6 Kb6 58. Nc4+ Kc6 59. Nxa5+ Kxd6
60. Nxb7+ Ke5 61. Kg2 Kf4 62. Kh3 Ne4 63. Nd8 Nf2+ 64. Kg2 Ne4 65. Ne6+ Kg4 66.
Ng7 Kxh4 67. Nxh5  1/2-1/2

[Event "Asian Junior Girls Chess Championship-2016"]
[Site "New Delhi"]
[Date "2016.05.06"]
[Round "4"]
[Board "3"]
[White "Hamedi Nia, Vesal"]
[Black "Nandhidhaa, Pv"]
[Result "0-1"]
[WhiteElo "1983"]
[BlackElo "2141"]
[PlyCount "0"]
[EventDate "2016.05.04"]
[EventRounds "9"]
[EventCountry "IND"]

1. d4 Nf6 2. c4 e6 3. Nc3 d5 4. Bg5 Be7 5. e3 h6 6. Bh4 O-O 7. Nf3 Ne4 8. Bxe7
Qxe7 9. Nxe4 dxe4 10. Nd2 e5 11. d5 Bf5 12. Be2 Qg5 13. g4 Bh7 14. h4 Qe7 15.
Qc2 Na6 16. O-O-O c6 17. dxc6 bxc6 18. Kb1 Rab8 19. Nb3 Nb4 20. Qc3 Nd3 21. Rh2
a5 22. Rd2 a4 23. Nc1 Ne1 24. Rd1 Nf3 25. Rh3 Nxh4 26. Rdh1 Nf3 27. Ka1 Rfd8
28. Rd1 Qe6 29. Rg3 Rxd1 30. Bxd1 a3 31. bxa3 Qd6 32. Bc2 Qf6 33. Nb3 Qh4 34.
Bb1 Qh1 35. Qc2 Bg6 36. a4 Qf1 37. a5 Nd4 38. Nxd4 exd4 39. a6 d3 40. a7 dxc2
41. axb8=Q+ Kh7 42. Qb2 c1=Q  0-1

[Event "Asian Junior Girls Chess Championship-2016"]
[Site "New Delhi"]
[Date "2016.05.06"]
[Round "4"]
[Board "4"]
[White "Uuriintuya, Uurtsaikh"]
[Black "Priyanka, Nutakki"]
[Result "1-0"]
[WhiteElo "2172"]
[BlackElo "1907"]
[PlyCount "0"]
[EventDate "2016.05.04"]
[EventRounds "9"]
[EventCountry "IND"]

1. e4 e6 2. d4 d5 3. Nd2 Nc6 4. Ngf3 Nf6 5. e5 Nd7 6. Be2 f6 7. exf6 Qxf6 8.
Nf1 Bd6 9. Ne3 O-O 10. O-O Qf7 11. c4 Nf6 12. c5 Bf4 13. Bb5 Ne4 14. Nc2 Qh5
15. Bxf4 Rxf4 16. Bxc6 bxc6 17. Nb4 Bb7 18. Ne5 Qg5 19. Nbd3 Rf5 20. Qc1 Qh4
21. f3 Ng5 22. Qe3 Qh6 23. Rae1 Re8 24. Ng4 Qh5 25. Nf4 Qf7 26. Ne5 Qf8 27.
Nfd3 h6 28. h4 Nf7 29. Ng6 Bc8  1-0

[Event "Asian Junior Girls Chess Championship-2016"]
[Site "New Delhi"]
[Date "2016.05.06"]
[Round "4"]
[Board "5"]
[White "Ivana Maria, Furtado"]
[Black "Divya, Lakshmi R"]
[Result "1-0"]
[WhiteElo "2091"]
[BlackElo "1905"]
[PlyCount "0"]
[EventDate "2016.05.04"]
[EventRounds "9"]
[EventCountry "IND"]

1. d4 Nf6 2. Nc3 c5 3. d5 d6 4. Bg5 Qb6 5. Qd2 h6 6. Bxf6 gxf6 7. e4 Bd7 8. f4
Na6 9. a4 h5 10. Nf3 Bh6 11. g3 Rc8 12. Bc4 Qb4 13. Qd3 Qa5 14. Nh4 Nb4 15. Qd2
b5 16. Be2 c4 17. O-O bxa4 18. Kh1 Kf8 19. Rfd1 Bg7 20. Na2 Rb8 21. Bxc4 Qc5
22. Bd3 Nxd3 23. cxd3 Qb6 24. Nc3 Qxb2 25. Rab1 a3 26. Rxb2 Rxb2 27. Qe3 f5 28.
e5 dxe5 29. Qxa7 Be8 30. Qxa3 Rb8 31. Nxf5  1-0

[Event "Asian Junior Girls Chess Championship-2016"]
[Site "New Delhi"]
[Date "2016.05.06"]
[Round "4"]
[Board "6"]
[White "Ananya, Suresh"]
[Black "Harshita, Guddanti"]
[Result "1/2-1/2"]
[WhiteElo "1902"]
[BlackElo "2052"]
[PlyCount "0"]
[EventDate "2016.05.04"]
[EventRounds "9"]
[EventCountry "IND"]

1. e4 c5 2. Nf3 d6 3. d4 cxd4 4. Nxd4 Nf6 5. Nc3 g6 6. Be3 Bg7 7. f3 O-O 8. Qd2 Nc6 9. O-O-O d5 10. Qe1 e5 11. Nxc6 bxc6 12. exd5 Nxd5 13. Bc4 Be6 14. Bc5 Qg5 15. Kb1 Nxc3 16. Qxc3 e4 17. Bd4 Bxd4 18. Qxd4 Bxc4 19. Qxc4 Qxg2 20. fxe4 Rad8 21. Rdg1 Qd2 22. Qxc6 Rc8 23. Qa4 Rb8 24. Qc4 Rfc8 25. Qd3 Qb4 26. b3 Rc3 27. Qd5 Rc5 28. Qd3 Rc3 29. Qd5 Rc5 30. Qd3 Rc3   1/2-1/2

[Event "Asian Junior Girls Chess Championship-2016"]
[Site "New Delhi"]
[Date "2016.05.06"]
[Round "4"]
[Board "7"]
[White "Bala, Kannamma P"]
[Black "Shweta, Gole"]
[Result "1-0"]
[WhiteElo "2040"]
[BlackElo "1879"]
[PlyCount "0"]
[EventDate "2016.05.04"]
[EventRounds "9"]
[EventCountry "IND"]

1. e4 c5 2. Nf3 a6 3. c4 Nc6 4. d4 cxd4 5. Nxd4 Nf6 6. Nc3 e5 7. Nf5 Qa5 8. Bd3 Nd4 9. Ne3 b5 10. O-O Bc5 11. Ned5 Nxd5 12. Nxd5 b4 13. Qg4 Ne6 14. Bd2 Qa4 15. Kh1 d6 16. f4 exf4 17. Bxf4 f6 18. e5 dxe5 19. Bxe5 fxe5 20. Qh5 Kd8 21. Qh4 g5 22. Qh6 Qe8 23. Qf6 Kd7 24. Bf5 Bb7 25. Qg7 Kc6 26. Bxe6 Bb6 27. Nxb4 Kd6 28. Qxb7 Bd4 29. Qd5   1-0

[Event "Asian Junior Girls Chess Championship-2016"]
[Site "New Delhi"]
[Date "2016.05.06"]
[Round "4"]
[Board "8"]
[White "Akshaya, Nandakumar"]
[Black "Sapale, Saloni"]
[Result "1-0"]
[WhiteElo "1820"]
[BlackElo "2025"]
[PlyCount "0"]
[EventDate "2016.05.04"]
[EventRounds "9"]
[EventCountry "IND"]

1. e4 c6 2. d4 d5 3. exd5 cxd5 4. Bd3 Nc6 5. c3 Qc7 6. Ne2 Bg4 7. f3 Bh5 8. Bf4 Qd7 9. Na3 e6 10. Nc2 Be7 11. O-O Nf6 12. Qd2 O-O 13. Ne3 Rfd8 14. g4 Bg6 15. Ng3 Bxd3 16. Qxd3 Ne8 17. Ng2 a6 18. Rae1 b5 19. h4 b4 20. g5 Rdc8 21. h5 f6 22. g6 h6 23. Qe2 Nd8 24. Bd2 a5 25. Nf4 Nc7 26. Rf2 Rcb8 27. Nd3 Bd6 28. Rg2 Nc6 29. Nf1 Rb6 30. Ne3 Ne7 31. Ng4 Nf5 32. Qd1 bxc3 33. bxc3 a4 34. Qc1 Bf8 35. Nc5 Bxc5 36. dxc5 Rbb8 37. Bxh6 Ne8 38. Bd2 Nh4 39. Rg3 e5 40. Rf1 Rb7 41. h6 Nxg6 42. hxg7 Kxg7 43. Qc2 e4 44. fxe4 Qc7 45. e5 Qxc5 46. Be3 Qc4 47. Nxf6 Nxf6 48. Qxg6 Kf8 49. Rxf6 Ke7 50. Qg7 Kd8 51. Rf8   1-0

[Event "Asian Junior Girls Chess Championship-2016"]
[Site "New Delhi"]
[Date "2016.05.06"]
[Round "4"]
[Board "9"]
[White "Bidhar, Rutumbara"]
[Black "Chandreyee, Hajra"]
[Result "0-1"]
[WhiteElo "1854"]
[BlackElo "1996"]
[PlyCount "0"]
[EventDate "2016.05.04"]
[EventRounds "9"]
[EventCountry "IND"]

1. d4 d5 2. c4 e6 3. Nf3 Nf6 4. Bg5 Be7 5. Nc3 O-O 6. e3 h6 7. Bh4 b6 8. Be2 Bb7 9. O-O Nbd7 10. Rc1 Ne4 11. Bxe7 Qxe7 12. Nd2 c5 13. f3 Nxc3 14. bxc3 Rac8 15. Re1 Rfd8 16. Qb3 Qg5 17. Bf1 dxc4 18. Qb2 cxd4 19. cxd4 e5 20. Rxc4 Rxc4 21. Bxc4 exd4 22. exd4 Nf6 23. Re7 Bd5 24. Bxd5 Nxd5 25. Re1 Nf4 26. Ne4 Qd5 27. Rd1 Qc4 28. d5 Rxd5 29. Rxd5 Qxd5 30. h3 Qd1 31. Kh2 Ne2 32. h4   0-1

[Event "Asian Junior Girls Chess Championship-2016"]
[Site "New Delhi"]
[Date "2016.05.06"]
[Round "4"]
[Board "10"]
[White "Yalkanova, Maya"]
[Black "Michelle Catherina, P"]
[Result "0-1"]
[WhiteElo "1831"]
[BlackElo "2179"]
[PlyCount "0"]
[EventDate "2016.05.04"]
[EventRounds "9"]
[EventCountry "IND"]

1. d4 Nf6 2. Nf3 e6 3. e3 c5 4. c3 b6 5. Bd3 Bb7 6. Nbd2 Nc6 7. O-O Be7 8. dxc5 bxc5 9. e4 d6 10. Re1 O-O 11. Nf1 Qc7 12. Ng3 Rfd8 13. h3 Rab8 14. Be3 h6 15. Qd2 Bf8 16. Rad1 Ba8 17. Bf4 Nd7 18. b3 Nde5 19. Nxe5 Nxe5 20. Bxe5 dxe5 21. Qe3 Qa5 22. Ne2 Be7 23. Qg3 Qxa2 24. Ra1 Qd2 25. Red1 Qg5 26. Qxg5 Bxg5 27. f3 Rxb3 28. Rxa7 c4 29. Bc2 Rxd1 30. Bxd1 Be3 31. Kf1 Bxa7 32. Bxb3 cxb3 33. c4 Bd4   0-1

[Event "Asian Junior Girls Chess Championship-2016"]
[Site "New Delhi"]
[Date "2016.05.07"]
[Round "5"]
[Board "1"]
[White "Vaishali, R"]
[Black "Nandhidhaa, Pv"]
[Result "0-1"]
[WhiteElo "2322"]
[BlackElo "2141"]
[PlyCount "0"]
[EventDate "2016.05.04"]
[EventRounds "9"]
[EventCountry "IND"]

1. e4 c5 2. Nf3 e6 3. d4 cxd4 4. Nxd4 a6 5. Be2 Nf6 6. Nc3 d6 7. O-O Nbd7 8. f4
b5 9. Bf3 Bb7 10. Qe1 b4 11. Na4 Qc7 12. e5 Bxf3 13. exf6 Bd5 14. fxg7 Bxg7 15.
Nf5 Bf6 16. c4 Bc6 17. Bd2 O-O-O 18. Ne3 Bxa4 19. Bxb4 Bd4 20. Kh1 Rhg8 21. Bc3
Ba7 22. Rc1 Bc6 23. Rc2 Qb7 24. Rff2 Nc5 25. Qf1 Ne4 26. Rfe2 Rg6 27. f5 exf5
28. Qxf5+ Kb8 29. Qf4 Rdg8 30. Nd5 Rg4 31. Qf5 R8g5 32. Qxh7 Bxd5 33. cxd5 Qxd5
34. h4 Ng3+ 35. Kh2 Nxe2 36. Qh8+  0-1

[Event "Asian Junior Girls Chess Championship-2016"]
[Site "New Delhi"]
[Date "2016.05.07"]
[Round "5"]
[Board "2"]
[White "Chandreyee, Hajra"]
[Black "Varshini, V"]
[Result "1-0"]
[WhiteElo "1996"]
[BlackElo "2223"]
[PlyCount "0"]
[EventDate "2016.05.04"]
[EventRounds "9"]
[EventCountry "IND"]

1. e4 c5 2. Nf3 d6 3. d4 cxd4 4. Nxd4 Nf6 5. f3 a6 6. c4 e6 7. Nc3 Be7 8. Be3
O-O 9. Be2 Qc7 10. O-O b6 11. Rc1 Bb7 12. Qd2 Nbd7 13. g4 Rfc8 14. g5 Ne8 15.
Qe1 Qd8 16. Qg3 Nc5 17. b4 Nd7 18. f4 a5 19. b5 Nc5 20. f5 e5 21. Nb3 Nxe4 22.
Nxe4 Bxe4 23. f6 Bf8 24. Nd2 Bb7 25. fxg7 Nxg7 26. Bd3 d5 27. Bxh7+ Kxh7 28.
Rxf7 Bc5 29. Bxc5 Rxc5 30. Qxe5 Qg8 31. Qf6 Kh8 32. Rf1 Qh7 33. g6  1-0

[Event "Asian Junior Girls Chess Championship-2016"]
[Site "New Delhi"]
[Date "2016.05.07"]
[Round "5"]
[Board "3"]
[White "Priyanka, K"]
[Black "Uuriintuya, Uurtsaikh"]
[Result "1/2-1/2"]
[WhiteElo "1966"]
[BlackElo "2172"]
[PlyCount "0"]
[EventDate "2016.05.04"]
[EventRounds "9"]
[EventCountry "IND"]

1. e4 c5 2. Nf3 Nc6 3. d4 cxd4 4. Nxd4 g6 5. Nc3 Bg7 6. Be3 Nf6 7. Bc4 Qa5 8.
O-O O-O 9. Bb3 d6 10. h3 Bd7 11. Re1 Rac8 12. Qe2 a6 13. Rad1 b5 14. Nxc6 Bxc6
15. Nd5 Bxd5 16. exd5 Rfe8 17. Bd4 Qc7 18. Rd3 Qb7 19. Re3 Kf8 20. Qf3 Qd7 21.
Bc3 Ra8 22. Ra1 Nh5 23. a4 Bxc3 24. Rxc3 Ng7 25. Qf4 Nh5 26. Qd4 Nf6 27. Rc6 h5
28. axb5 axb5 29. Rca6 Rac8 30. Ra7 Qf5 31. Rb7 Ra8 32. Re1 Rab8 33. Ra7 g5 34.
Qe3 Nd7 35. Qe4 Qxe4 36. Rxe4 Ne5 37. Rb4 Rb6 38. Kf1 Rc8 39. Ke2 Ng6 40. Ra5
Rcb8 41. g3 Kg7 42. c3 Kf6 43. Ke3 h4 44. Bc2 hxg3 45. fxg3 Ne5 46. b3 e6 47.
Be4 Nd7 48. dxe6 fxe6 49. Bd3 Rc8 50. Kd2 Ne5 51. Raxb5 Ra6 52. Bb1 d5 53. Rb8
Rac6 54. Rxc8 Rxc8 55. h4 gxh4 56. gxh4 Rg8 57. Rf4+ Ke7 58. h5 Rg2+ 59. Kc1
Ng4 60. Bg6 Ne5 61. Bc2 Rh2 62. Bg6 Rh3 63. Kc2 Rg3 64. b4 Nxg6 65. hxg6 Rxg6
66. b5 e5 67. Rb4 Kd6 68. b6 Rg8 69. b7 Rb8 70. Kd3 Kc6 71. c4 d4 72. Rb5 Rxb7
73. Rxe5 Rd7  1/2-1/2

[Event "Asian Junior Girls Chess Championship-2016"]
[Site "New Delhi"]
[Date "2016.05.07"]
[Round "5"]
[Board "4"]
[White "Chitlange, Sakshi"]
[Black "Ivana Maria, Furtado"]
[Result "1/2-1/2"]
[WhiteElo "1928"]
[BlackElo "2091"]
[PlyCount "0"]
[EventDate "2016.05.04"]
[EventRounds "9"]
[EventCountry "IND"]

1. d4 Nf6 2. Nf3 c5 3. c3 d5 4. Bf4 Qb6 5. Qc2 g6 6. e3 Nc6 7. Nbd2 Bg7 8. h3
O-O 9. Bd3 Nd7 10. O-O e5 11. dxe5 Ndxe5 12. Nxe5 Nxe5 13. Be2 Bf5 14. Qb3 Nd3
15. Bxd3 Bxd3 16. Rfd1 Qa6 17. a4 Rfd8 18. Rac1 Rac8 19. c4 Be2 20. Re1 dxc4
21. Nxc4 Bxc4 22. Rxc4 Rd2 23. Rb1 g5 24. Bg3 h5 25. h4 Qg6 26. e4 Bd4 27. Rc2
Qxe4 28. Rxd2 Qxb1+ 29. Kh2 Qe4 30. hxg5 h4 31. Bd6 Rd8 32. g6 Qxg6 33. Bf4 Qg4
34. g3 hxg3+ 35. Qxg3 Qxg3+ 36. Kxg3 Re8 37. Kf3 Re6 38. Be3 Bxe3 39. fxe3 Kf8
40. Rd7 Rb6 41. Rc7 Rxb2 42. Rxc5 Rb4 43. Rc7 Kg7 44. a5 a6 45. e4 Kg6 46. Rc5
Kf6 47. Ke3 Ke6 48. Rc7 f6 49. Kd3 Kd6 50. Rf7 Ke5 51. Re7+ Kd6 52. Rf7 Ke6 53.
Rc7 Rb1 54. Kc2 Rb5 55. Kd3 f5 56. exf5+ Kxf5 57. Kc4 Ke6 58. Rc5 Rb1 59. Rh5
Kd6 60. Rg5 Kc7 61. Rh5 Kb8 62. Rg5 Kc7 63. Rh5 b5+ 64. axb6+ Kxb6 65. Rh6+ Ka5
66. Rg6 Rb4+ 67. Kc3 Rb8 68. Kc4 Rb4+ 69. Kc3 Rh4 70. Kb3 Rh3+ 71. Kc4 Rh8 72.
Kb3 Rb8+ 73. Ka3 Rb5 74. Rh6 Rg5 75. Rf6 Kb5 76. Rf8 Rg3+ 77. Ka2 a5 78. Rf5+
Kb4 79. Rf8 Rg2+ 80. Kb1 Rg3 81. Ka2 Rg2+ 82. Kb1 a4 83. Rf3 Rg1+ 84. Ka2 Rg4
85. Rh3 Rg2+ 86. Kb1 a3 87. Rh8 Rg1+ 88. Ka2 Rg2+ 89. Kb1 Rg1+ 90. Ka2 Rg2+ 91.
Kb1  1/2-1/2

[Event "Asian Junior Girls Chess Championship-2016"]
[Site "New Delhi"]
[Date "2016.05.07"]
[Round "5"]
[Board "5"]
[White "Akshaya, Nandakumar"]
[Black "Bala, Kannamma P"]
[Result "0-1"]
[WhiteElo "1820"]
[BlackElo "2040"]
[PlyCount "0"]
[EventDate "2016.05.04"]
[EventRounds "9"]
[EventCountry "IND"]

1. e4 c5 2. b3 d6 3. Bb2 e5 4. g3 Nc6 5. Bg2 g6 6. f4 Bg7 7. Ne2 Nd4 8. Nxd4
cxd4 9. O-O Ne7 10. c3 Qb6 11. cxd4 exf4 12. Nc3 fxg3 13. hxg3 Bxd4+ 14. Kh1
Bd7 15. Qe2 O-O 16. Qd3 Qc5 17. Bf3 Qe5 18. Rab1 Bh3 19. Rg1 Nc6 20. Nd1 Qg7
21. Bxd4 Nxd4 22. Re1 Bd7 23. Nc3 Qh6+ 24. Kg1 Qxd2 25. Qxd2 Nxf3+ 26. Kf2 Nxd2
27. Rbd1 Rac8 28. Nd5 Rc2 29. Ke3 Nxe4 30. Ne7+ Kg7 31. Kxe4 Re8 32. Kf3 Be6
 0-1

[Event "Asian Junior Girls Chess Championship-2016"]
[Site "New Delhi"]
[Date "2016.05.07"]
[Round "5"]
[Board "6"]
[White "Michelle Catherina, P"]
[Black "Hamedi Nia, Vesal"]
[Result "0-1"]
[WhiteElo "2179"]
[BlackElo "1983"]
[PlyCount "0"]
[EventDate "2016.05.04"]
[EventRounds "9"]
[EventCountry "IND"]

1. e4 c5 2. Nf3 e6 3. d4 cxd4 4. Nxd4 a6 5. c4 Qc7 6. a3 Nf6 7. Nc3 Nc6 8. Be3 Be7 9. Rc1 d6 10. Be2 Bd7 11. O-O Nxd4 12. Qxd4 O-O 13. Rfd1 Rac8 14. b4 Rfd8 15. f3 Qb8 16. Qd3 h6 17. Bb6 Rf8 18. Kh1 Nh5 19. Be3 Be8 20. g4 Nf6 21. g5 hxg5 22. Rg1 Nh7 23. f4 f5 24. fxg5 f4 25. g6 Ng5 26. Nd5 exd5 27. Qxd5 Kh8 28. Rxg5 Bxg5 29. Qxg5 Bxg6 30. Qxg6 Rf6 31. Qg5 fxe3 32. Rc3 Rcf8 33. Rxe3 Rh6 34. Rg3 Qc7 35. Kg2 Rff6 36. Bd3 Qf7 37. Kg1 Rhg6 38. Qh4 Kg8 39. e5 Rxg3 40. hxg3 dxe5 41. Be4 Rf1 42. Kh2 Kf8 43. Bd5 Qf6 44. Qh8 Ke7 45. Qb8 Qh6 46. Kg2 Qh1   0-1

[Event "Asian Junior Girls Chess Championship-2016"]
[Site "New Delhi"]
[Date "2016.05.07"]
[Round "5"]
[Board "7"]
[White "Harshita, Guddanti"]
[Black "Isha, Sharma"]
[Result "1-0"]
[WhiteElo "2052"]
[BlackElo "1883"]
[PlyCount "0"]
[EventDate "2016.05.04"]
[EventRounds "9"]
[EventCountry "IND"]

1. e4 c5 2. Nf3 d6 3. d4 cxd4 4. Nxd4 Nf6 5. Nc3 g6 6. Be3 Bg7 7. f3 O-O 8. Bc4 Nc6 9. Qd2 Bd7 10. O-O-O Rc8 11. Bb3 Ne5 12. Kb1 Re8 13. h4 h5 14. g4 hxg4 15. h5 Nxh5 16. Bh6 Kh7 17. Bxg7 Kxg7 18. fxg4 Bxg4 19. Nf5 gxf5 20. Qg5 Ng6 21. exf5 Bxd1 22. Bxf7 Kxf7 23. Qxg6 Kf8 24. Rg1 Bxc2 25. Kxc2 Rxc3 26. bxc3 e6 27. Qg8 Ke7 28. Qxe6   1-0

[Event "Asian Junior Girls Chess Championship-2016"]
[Site "New Delhi"]
[Date "2016.05.07"]
[Round "5"]
[Board "8"]
[White "Sunyuktha, C M N"]
[Black "Tarini, Goyal"]
[Result "1/2-1/2"]
[WhiteElo "1861"]
[BlackElo "2010"]
[PlyCount "0"]
[EventDate "2016.05.04"]
[EventRounds "9"]
[EventCountry "IND"]

1. e4 c5 2. b3 d6 3. Bb2 e5 4. Bc4 Nf6 5. Nc3 Be7 6. Nge2 Nc6 7. Ng3 O-O 8. O-O Bd7 9. Nd5 Rb8 10. a4 a6 11. Ne3 b5 12. axb5 axb5 13. Be2 g6 14. f4 Nd4 15. f5 Nxe2 16. Qxe2 Bc6 17. d3 Qb6 18. Kh1 h5 19. Rf3 h4 20. Ngf1 Kg7 21. Nd2 Rh8 22. Raf1 g5 23. R3f2 Rbg8 24. Ng4 Nxg4 25. Qxg4 f6 26. Qe2 Kf7 27. Ra1 Ra8 28. Rff1 Rxa1 29. Rxa1 Qb7 30. h3 d5   1/2-1/2